000 00549nam a22001937a 4500
003 KOHA_MİRAKIL
005 20251124073312.0
008 251124b tu ||||| |||| 00| 0 tur d
020 _a978975080077x
040 _aTR-AnABB
_btur
_cTR-AnABB
041 _atur
082 _a891.8536
_bPOT 2010
100 1 _aPotocki, Jan,
245 1 0 _aHafız'ın Yolculuğu /
_cJan Potoski
260 _aİstanbul :
_bYapı Kredi Kültür Yayınları,
_c2010
300 _a53 sayfa ;
_c21 cm
650 0 4 _aPolonya edebiyatı, roman
942 _2ddc
_cBK
999 _c9576
_d9576
900 _bGizem YORULMAZ